000
00324 a2200145 4500
001
180420
020
_a
040
_c
Magnum
100
_a
Ribeiro, Lourdes E.
240
1
0
_a
O real do construtivismo vol.2
_l
por
245
1
0
_a
O real do construtivismo vol.2
362
0
_a
1899
697
_a
MAGNITO: ENSINO
942
_c
BK
999
_c
180420
_d
180420